000 00275nam a22001337a 4500
008 170419b xxu||||| |||| 00| 0 eng d
020 _a0063827026
041 _aeng
080 _a573
100 _a11
101 _aSHM
245 _aLIVING SYSTEMS
_cFORD
942 _2udc
_cBK
999 _c11191
_d11191